Aab e Hayat (آبِ حیات) / (Record no. 617382)

000 -LEADER
fixed length control field 00346nam a2200133 4500
040 ## - CATALOGING SOURCE
Transcribing agency 0
082 ## - DEWEY DECIMAL CLASSIFICATION NUMBER
Classification number 928.914391,AHM
100 ## - MAIN ENTRY--PERSONAL NAME
Personal name Ahmed, Umera
9 (RLIN) 134394
245 ## - TITLE STATEMENT
Title Aab e Hayat (آبِ حیات) /
Statement of responsibility, etc. Umera Ahmed
260 ## - PUBLICATION, DISTRIBUTION, ETC.
Place of publication, distribution, etc. Lahore
Name of publisher, distributor, etc. Feroz sans
Date of publication, distribution, etc. 2017
300 ## - PHYSICAL DESCRIPTION
Extent 728 p.;
650 ## - SUBJECT ADDED ENTRY--TOPICAL TERM
Topical term or geographic name entry element Urdu Noval
9 (RLIN) 25491
942 ## - ADDED ENTRY ELEMENTS (KOHA)
Source of classification or shelving scheme
Koha item type Fiction
Call number prefix 928.914391,AHM
Holdings
Withdrawn status Lost status Source of classification or shelving scheme Damaged status Not for loan Permanent Location Current Location Shelving location Date acquired Total Checkouts Full call number Barcode Date last seen Price effective from Koha item type
          Military College of Signals (MCS) Military College of Signals (MCS) General Stacks 05/11/2026   928.914391,AHM MCS38984 05/11/2026 05/11/2026 Fiction
© 2023 Central Library, National University of Sciences and Technology. All Rights Reserved.